| 000 | 00471nam a22001697a 4500 | ||
|---|---|---|---|
| 008 | 230511b |||||||| |||| 00| 0 eng d | ||
| 040 |
_aNational Science Library _cNational Science Library |
||
| 080 |
_a914.77 _bL1 |
||
| 245 | _aSoviet Ukraine | ||
| 260 |
_aKiev: _bAcademy of Science of the Ukrainian S.S., _c1961 |
||
| 300 | _a571p. | ||
| 650 | _aGeography | ||
| 653 | _aHistory | ||
| 653 | _aTrade unioun | ||
| 700 | _aBazhan, M P (Ed.) | ||
| 942 |
_2udc _cREF |
||
| 999 |
_c29052 _d29052 |
||